| Tag |
First Indicator |
Second Indicator |
Subfields |
| LEADER |
00000cam a2200000 a 4500 |
| 001 |
in00000524924 |
| 005 |
20151013092116.0 |
| 008 |
790813s1973 xx b 00110 engm |
| 010 |
|
|
|a 79311281
|
| 035 |
|
|
|a (OCoLC)02032450
|
| 035 |
|
|
|9 ACF9841AM
|
| 040 |
|
|
|a DLC
|c DLC
|d TXA
|d UtOrBLW
|
| 049 |
|
|
|a TXAM
|c [1677146]
|
| 050 |
0 |
0 |
|a PN185
|b .K87
|
| 082 |
0 |
|
|a 808/.009/02
|
| 100 |
1 |
|
|a Kustas, George L.
|
| 245 |
1 |
0 |
|a Studies in Byzantine rhetoric /
|c George L. Kustas.
|
| 264 |
|
1 |
|a Thessalonike :
|b [Patriarchikon Hidryma Paterikon],
|c [1973]
|
| 300 |
|
|
|a xv, 215 pages ;
|c 25 cm.
|
| 336 |
|
|
|a text
|b txt
|2 rdacontent
|
| 337 |
|
|
|a unmediated
|b n
|2 rdamedia
|
| 338 |
|
|
|a volume
|b nc
|2 rdacarrier
|
| 490 |
1 |
|
|a Analekta Vlatadon ;
|v 17
|
| 500 |
|
|
|a Includes indexes.
|
| 504 |
|
|
|a Bibliography: pages [xi]-xv.
|
| 650 |
|
0 |
|a Rhetoric, Medieval
|z Byzantine Empire.
|
| 830 |
|
0 |
|a Analekta Vlatadōn ;
|v 17.
|
| 999 |
|
|
|a MARS
|
| 999 |
f |
f |
|s 25ab3334-c0e0-3c32-b076-23d545833771
|i d86615c1-2e0d-33ac-b4e7-1a429a6ea187
|t 0
|
| 952 |
f |
f |
|p normal
|a Texas A&M University
|b College Station
|c Sterling C. Evans Library
|d Evans: Library Stacks
|t 0
|e PN185 .K87
|h Library of Congress classification
|i unmediated -- volume
|m A14807978471
|
| 998 |
f |
f |
|a PN185 .K87
|t 0
|l Evans: Library Stacks
|